000 00332nam a2200109Ia 4500
008 171211s9999 xx 000 0 und d
245 _aDictionary of Arabic and Allied Loanwords
245 _cFrederico Corriente
260 _c2008
650 _xEncyclopedia and Dictionary
856 _uhttp://down.ebook777.com/057/9789004168589.pdf
999 _c350175
_d350175